| 000 | 00532nam a2200205Ia 4500 | ||
|---|---|---|---|
| 003 | OSt | ||
| 005 | 20221006152405.0 | ||
| 006 | a|||||r|||| 00| 0 | ||
| 007 | ta | ||
| 008 | 221006b |||||||| |||| 00| 0 eng d | ||
| 024 | _a27,022 | ||
| 037 | _cBound Volumes | ||
| 040 |
_aEASL _cEASL _beng |
||
| 041 |
_2eng _aeng |
||
| 245 | 0 | _aAnnals of Institute of Social Science | |
| 260 |
_aTokyo _bUniversity of Tokyo Institute of Cocial Science _c0000 |
||
| 300 |
_ap. _ccm. |
||
| 942 |
_cCR _2CC |
||
| 999 |
_c1095108 _d1095108 |
||